01705nam0a22003011 4500001001100000005001700011021001900028035002600047100004100073101000800114102000700122105001800129200039600147210003200543215003900575225021100614300011700825532014100942606010501083606005601188701002901244701002301273701002701296701002101323801001801344801002201362852001901384rc\372735620250610104436.0 aRUb[70-67992] a(NLR Aleph) 007864308 a20130115d1970 |||y0rusy50 ca0 arus aRU aa z |||||1 aСкладское металлоснабжение в СССРe(Обзорная информация)fГос. ком. Совета Министров СССР по матер.-техн. снабжению. Центр. науч.-исслед. ин-т информации и техн.-экон. исследований по матер.-техн. снабжению "ЦНИИТЭИМС" aМоскваcБ. и.d1970 a52 с., 1 л. табл.cил.d211 a[Складское хозяйствоhСерия IIiОрганизация складского хозяйства, механизация и автоматизация складских работ] aПеред загл. авт.: А.М. Агре, П.В. Бузылев, Н.Г. Каменева, Ю.В. Сирик12aСкладское металлоснабжение в Союзе Советских Социалистических Республик aСклады и базы металлопродукцииxОрганизация работы2psbo aЧерные металлыxПоставки2psbo 1aКаменеваbН.Г. 1aСирикbЮ.В. 1aБузылевbП.В. 1aАгреbА.М. 0aRUbNLRgpsbo 1aRUbELAR2rusmarc aNLRj70-6/6751